[Event "2010 Trumpeter Classic"]
[Site "Grande Prairie"]
[Date "2010.01.30"]
[Round "1"]
[White "Alton, North"]
[Black "Lefkowitz, Phil"]
[Result "0-1"]
[WhiteElo "1216"]
[BlackElo "1728"]
[PlyCount "94"]
[EventDate "2010.01.30"]
[EventType "swiss"]
[EventRounds "5"]
[EventCountry "CAN"]

1. e4 c6 2. Bc4 d5 3. exd5 cxd5 4. Bb5+ Nc6 5. d4 Bf5 6. Bf4 Nf6 7. Nf3 a6 8.
Bxc6+ bxc6 9. O-O Qb6 10. b3 e6 11. c4 Be7 12. c5 Qb7 13. Nc3 O-O 14. h3 Nd7
15. Bd6 Bxd6 16. cxd6 Qb8 17. Nh4 Bg6 18. Nxg6 hxg6 19. Rb1 Qxd6 20. Qf3 Rfc8
21. Qg3 Qxg3 22. fxg3 c5 23. Rf4 cxd4 24. Nxd5 exd5 25. Rxd4 Nf6 26. h4 Rc2 27.
a4 a5 28. g4 Re2 29. g5 Re4 30. Rbd1 Ng4 31. Rxd5 Rae8 32. g3 Ne3 33. R1d4 Nxd5
34. Rxd5 R8e5 35. Rd8+ Kh7 36. Rd7 Rf5 37. Rc7 Rb4 38. Rc3 Rd5 39. Kg2 Rd2+ 40.
Kh3 Rb2 41. Rc5 R2xb3 42. Rxa5 Ra3 43. Ra7 Rbxa4 44. Rxf7 Rb4 45. Re7 Rbb3 46.
Kg4 Rxg3+ 47. Kf4 Raf3+ 0-1

[Event "2010 Trumpeter Classic"]
[Site "Grande Prairie"]
[Date "2010.01.30"]
[Round "1"]
[White "Holmstrom, Phil"]
[Black "Zeggelaar, Mike"]
[Result "1/2-1/2"]
[WhiteElo "1674"]
[BlackElo "1864"]
[PlyCount "62"]
[EventDate "2010.01.30"]
[EventType "swiss"]
[EventRounds "5"]
[EventCountry "CAN"]

1. e4 c5 2. Nc3 e6 3. g3 Nc6 4. Bg2 Nge7 5. d3 Ng6 6. Nge2 Be7 7. O-O d6 8. f4
O-O 9. f5 Nge5 10. h3 Bd7 11. Bf4 Rb8 12. a4 b6 13. b3 a6 14. Kh1 b5 15. Ng1
Bf6 16. Rb1 Qa5 17. Bd2 Qc7 18. axb5 axb5 19. Nf3 Nxf3 20. Qxf3 Nd4 21. Qd1 b4
22. Ne2 exf5 23. Nxd4 Bxd4 24. exf5 Bc6 25. Qg4 Bxg2+ 26. Kxg2 f6 27. h4 Rbe8
28. Rbe1 Qf7 29. Kh2 Qd5 30. Bh6 Qf7 31. Bd2 Qd5 1/2-1/2

[Event "2010 Trumpeter Classic"]
[Site "Grande Prairie"]
[Date "2010.01.30"]
[Round "1"]
[White "Johnson, Dean"]
[Black "Miller, David"]
[Result "1/2-1/2"]
[WhiteElo "1827"]
[BlackElo "1672"]
[PlyCount "35"]
[EventDate "2010.01.30"]
[EventType "swiss"]
[EventRounds "5"]
[EventCountry "CAN"]

1. c4 Nf6 2. g3 g6 3. Bg2 Bg7 4. Nc3 c6 5. Nf3 d6 6. O-O O-O 7. Rb1 a5 8. a3
Na6 9. b4 axb4 10. axb4 Nc7 11. b5 Bd7 12. bxc6 bxc6 13. Nd4 d5 14. cxd5 cxd5
15. Ndb5 Nxb5 16. Nxb5 Rb8 17. Nc3 Rxb1 18. Nxb1 1/2-1/2

[Event "2010 Trumpeter Classic"]
[Site "Grande Prairie"]
[Date "2010.01.30"]
[Round "1"]
[White "Panteluk, Steven"]
[Black "Caughlin, Wade"]
[Result "0-1"]
[WhiteElo "1679"]
[BlackElo "1927"]
[PlyCount "72"]
[EventDate "2010.01.30"]
[EventType "swiss"]
[EventRounds "5"]
[EventCountry "CAN"]

1. d4 d5 2. Nf3 Nf6 3. c4 e6 4. Nc3 c6 5. e3 Nbd7 6. a3 Be7 7. Bd3 O-O 8. O-O
dxc4 9. Bxc4 b5 10. Bd3 a6 11. b4 a5 12. Qb3 axb4 13. Ne2 bxa3 14. Bxa3 Bxa3
15. Rxa3 Rxa3 16. Qxa3 Bb7 17. Ra1 Qa8 18. Qb2 Qb8 19. Rb1 Qc7 20. Nf4 Ra8 21.
h3 Qa5 22. Ng5 Qa3 23. Qc2 Nf8 24. h4 h6 25. Nf3 Qd6 26. Ne5 N8d7 27. Qc3 Nd5
28. Nxd5 Qxd5 29. e4 Qd6 30. Ng4 Ra3 31. Qc2 Qxd4 32. Rd1 Ra1 33. Rxa1 Qxa1+
34. Kh2 Qd4 35. Qe2 Ne5 36. Nxe5 Qxe5+ 0-1

[Event "2010 Trumpeter Classic"]
[Site "Grande Prairie"]
[Date "2010.01.30"]
[Round "1"]
[White "Pradzinski, Tim"]
[Black "Schech, Roland"]
[Result "1-0"]
[WhiteElo "1919"]
[BlackElo "1677"]
[PlyCount "81"]
[EventDate "2010.01.30"]
[EventType "swiss"]
[EventRounds "5"]
[EventCountry "CAN"]

1. e4 Nf6 2. e5 Nd5 3. c4 Nb6 4. Nf3 d6 5. exd6 cxd6 6. d4 g6 7. Be3 Bg7 8. Be2
O-O 9. O-O e5 10. dxe5 dxe5 11. Nc3 Be6 12. b3 h6 13. Rc1 Nc6 14. Ne4 Nd4 15.
Bxd4 exd4 16. Nc5 Qe7 17. Nxe6 fxe6 18. Qc2 g5 19. Rcd1 e5 20. h3 Rad8 21. Bd3
Rf4 22. Be4 g4 23. hxg4 Rxg4 24. Qe2 Rf4 25. g3 Rff8 26. Nh4 Qg5 27. Bxb7 Rf7
28. Be4 Bf6 29. Kg2 Rg7 30. Nf5 Rdd7 31. Rh1 Rg6 32. Rh5 Qg4 33. Bf3 Qf4 34.
Kh3 Qg5 35. Rxg5 Rxg5 36. Nxh6+ Kh7 37. Ng4 Bh8 38. Kg2 Kg8 39. Rh1 d3 40. Qd2
Rxg4 41. Bxg4 1-0

[Event "2010 Trumpeter Classic"]
[Site "Grande Prairie"]
[Date "2010.01.30"]
[Round "1"]
[White "Quiring, John"]
[Black "Davis, Ryan"]
[Result "1-0"]
[WhiteElo "1350"]
[BlackElo "1795"]
[PlyCount "27"]
[EventDate "2010.01.30"]
[EventType "swiss"]
[EventRounds "5"]
[EventCountry "CAN"]

1. e4 e5 2. f4 exf4 3. Bc4 d6 4. Nf3 Be6 5. Bxe6 fxe6 6. d4 Nf6 7. Nc3 d5 8.
Bxf4 dxe4 9. Ng5 Qe7 10. O-O Nd5 11. Qg4 Nc6 12. Nxe6 Kf7 13. Nxd5 Qxe6 14.
Bg5+ 1-0

[Event "2010 Trumpeter Classic"]
[Site "Grande Prairie"]
[Date "2010.01.30"]
[Round "1"]
[White "Sequillion, Aaron"]
[Black "White, Chris"]
[Result "1-0"]
[WhiteElo "1999"]
[BlackElo "1704"]
[PlyCount "77"]
[EventDate "2010.01.30"]
[EventType "swiss"]
[EventRounds "5"]
[EventCountry "CAN"]

1. e4 e6 2. d4 d5 3. Nc3 dxe4 4. Nxe4 Nd7 5. Nf3 Ngf6 6. Bg5 Be7 7. Bxf6 Nxf6
8. Nxf6+ Bxf6 9. Bd3 c5 10. c3 cxd4 11. cxd4 O-O 12. O-O Qb6 13. Qc2 g6 14.
Rfd1 Rd8 15. h4 Bxd4 16. Nxd4 Rxd4 17. h5 e5 18. Bc4 Rxd1+ 19. Rxd1 Be6 20.
Bxe6 Qxe6 21. Qc7 b6 22. h6 Qe8 23. g4 e4 24. Qc3 Qf8 25. g5 Rc8 26. Qd4 Rc5
27. Qd8 Rc8 28. Qf6 Re8 29. Rd6 Re6 30. Rxe6 fxe6 31. Qxe6+ Qf7 32. Qxe4 Kf8
33. Qa8+ Qe8 34. Qxe8+ Kxe8 35. Kg2 Ke7 36. Kf3 Ke6 37. Ke4 a6 38. f4 a5 39. a4
1-0

[Event "2010 Trumpeter Classic"]
[Site "Grande Prairie"]
[Date "2010.01.30"]
[Round "1"]
[White "Stainer, Joel"]
[Black "Wong, Ford"]
[Result "0-1"]
[WhiteElo "1516"]
[BlackElo "1818"]
[PlyCount "73"]
[EventDate "2010.01.30"]
[EventType "swiss"]
[EventRounds "5"]
[EventCountry "CAN"]

1. d4 Nf6 2. Nf3 g6 3. e3 d5 4. Bd3 Bg7 5. Nbd2 O-O 6. b3 c6 7. Bb2 Na6 8. a3
Nc7 9. Ne5 Nd7 10. f4 Nxe5 11. fxe5 f6 12. Qe2 fxe5 13. dxe5 Bf5 14. e4 dxe4
15. Nxe4 Bxe4 16. Qxe4 e6 17. O-O-O Qg5+ 18. Kb1 Rf2 19. Qd4 Raf8 20. Qd6 Qd8
21. Bxg6 Qxd6 22. exd6 Nd5 23. Bxg7 Kxg7 24. Be4 Nc3+ 25. Kb2 Nxe4 26. Rhe1 Nc5
27. b4 Nd7 28. Rxe6 Rxg2 29. Rd3 Rg6 30. Re7+ Rf7 31. c4 b6 32. Kc3 Kf8 33. Re2
c5 34. bxc5 Nxc5 35. Rd5 Rd7 36. Rf2+ Kg8 37. Rdf5 0-1

[Event "2010 Trumpeter Classic"]
[Site "Grande Prairie"]
[Date "2010.01.03"]
[Round "2"]
[White "Wong, Ford"]
[Black "Sequillion, Aaron"]
[Result "0-1"]
[WhiteElo "1818"]
[BlackElo "1999"]
[PlyCount "84"]
[EventDate "2010.01.30"]
[EventType "swiss"]
[EventRounds "5"]
[EventCountry "CAN"]

1. d4 Nf6 2. c4 g6 3. Nc3 d5 4. cxd5 Nxd5 5. e4 Nxc3 6. bxc3 Bg7 7. Bc4 O-O 8.
Ne2 c5 9. O-O Nc6 10. Be3 Qc7 11. Rc1 Rd8 12. Qc2 a6 13. a4 Bd7 14. Qa2 Be8 15.
f4 cxd4 16. cxd4 Nxd4 17. Nxd4 Bxd4 18. Bxd4 Rxd4 19. Bxf7+ Bxf7 20. Qxf7+ Kxf7
21. Rxc7 Rxa4 22. Rxb7 Rxe4 23. g3 a5 24. Rc1 a4 25. Rcc7 a3 26. Ra7 Rxa7 27.
Rxa7 Re3 28. Kg2 Ke6 29. Ra5 Kd6 30. Kh3 Kc6 31. Kg4 Kb6 32. Ra8 h6 33. f5
gxf5+ 34. Kxf5 e5 35. Kg6 Kc5 36. Kxh6 Kb4 37. Kg5 Rf3 38. Kg4 Rf1 39. h4 e4
40. Rb8+ Kc3 41. h5 a2 42. Rc8+ Kd4 0-1

[Event "2010 Trumpeter Classic"]
[Site "Grande Prairie"]
[Date "2010.01.30"]
[Round "2"]
[White "Caughlin, Wade"]
[Black "Quiring, John"]
[Result "1-0"]
[WhiteElo "1927"]
[BlackElo "1795"]
[PlyCount "85"]
[EventDate "2010.01.30"]
[EventType "swiss"]
[EventRounds "5"]
[EventCountry "CAN"]

1. e4 e5 2. Nf3 Nc6 3. Bb5 a6 4. Ba4 Nf6 5. Qe2 b5 6. Bb3 Be7 7. O-O O-O 8. c3
d6 9. h3 Na5 10. Bc2 c5 11. d4 Qc7 12. d5 c4 13. Bg5 Nb7 14. Nbd2 a5 15. a4 Bd7
16. axb5 Nc5 17. Qxc4 Qb7 18. Rfb1 Bxb5 19. Qa2 Be2 20. Bxf6 Bxf6 21. Re1 Ba6
22. Nb3 Nxb3 23. Bxb3 Rfb8 24. Bc4 Bxc4 25. Qxc4 Qxb2 26. Reb1 Qxb1+ 27. Rxb1
Rxb1+ 28. Kh2 a4 29. Qc6 Rbb8 30. Nd2 a3 31. Nb3 Be7 32. Na1 Kf8 33. Qc7 a2 34.
Nc2 Rb2 35. Qc6 Rab8 36. Qc7 g6 37. Qa7 R8b7 38. Qa8+ Kg7 39. Nb4 Rc7 40. Nxa2
Rxf2 41. Qb8 Rd7 42. Nb4 Re2 43. Qb5 1-0

[Event "2010 Trumpeter Classic"]
[Site "Grande Prairie"]
[Date "2010.01.30"]
[Round "2"]
[White "Holmstrom, Phil"]
[Black "Johnson, Dean"]
[Result "1-0"]
[WhiteElo "1674"]
[BlackElo "1827"]
[PlyCount "93"]
[EventDate "2010.01.30"]
[EventType "swiss"]
[EventRounds "5"]
[EventCountry "CAN"]

1. e4 e5 2. Nf3 Nc6 3. Bb5 a6 4. Ba4 d6 5. h3 Bd7 6. d3 g6 7. Bg5 f6 8. Be3 Nh6
9. Qd2 Nf7 10. Bb3 Bg7 11. Nc3 Na5 12. Bxf7+ Kxf7 13. Bh6 Nc6 14. Bxg7 Kxg7 15.
O-O-O Be6 16. d4 exd4 17. Nxd4 Qd7 18. Nxe6+ Qxe6 19. Kb1 Rhe8 20. Nd5 Rac8 21.
Rhe1 Ne7 22. Nf4 Qf7 23. g4 Nc6 24. h4 Ne5 25. Qe2 Qc4 26. Nd3 Rcd8 27. f4 Nxd3
28. cxd3 Qd4 29. f5 d5 30. Qh2 dxe4 31. Qxc7+ Rd7 32. Qg3 e3 33. g5 Qe5 34.
gxf6+ Qxf6 35. fxg6 Qf2 36. Qg4 Ree7 37. gxh7+ Kxh7 38. Qh5+ Kg8 39. Rg1+ Rg7
40. Qe8+ Kh7 41. Qh5+ Kg8 42. Rgf1 Qg3 43. Qe8+ Kh7 44. Rf8 Kh6 45. Rh8+ Rh7
46. Qe6+ Qg6 47. Qxe3+ 1-0

[Event "2010 Trumpeter Classic"]
[Site "Grande Prairie"]
[Date "2010.01.30"]
[Round "2"]
[White "Lefkowitz, Phil"]
[Black "Pradzinski, Tim"]
[Result "0-1"]
[WhiteElo "1728"]
[BlackElo "1919"]
[PlyCount "36"]
[EventDate "2010.01.30"]
[EventType "swiss"]
[EventRounds "5"]
[EventCountry "CAN"]

1. d4 d5 2. Nf3 Nf6 3. c4 e6 4. Nc3 Be7 5. Bg5 O-O 6. e3 h6 7. Bxf6 Bxf6 8.
cxd5 exd5 9. b4 Bg4 10. Be2 Re8 11. Rc1 Nc6 12. Qb3 Bxf3 13. gxf3 Ne7 14. O-O
c6 15. a4 Ng6 16. b5 Qd7 17. Rfd1 Qh3 18. Rd3 Nh4 0-1

[Event "2010 Trumpeter Classic"]
[Site "Grande Prairie"]
[Date "2010.01.30"]
[Round "2"]
[White "Miller, David"]
[Black "Deimert, Elroy"]
[Result "1-0"]
[WhiteElo "1672"]
[BlackElo "1720"]
[PlyCount "67"]
[EventDate "2010.01.30"]
[EventType "swiss"]
[EventRounds "5"]
[EventCountry "CAN"]

1. Nf3 Nf6 2. g3 d6 3. Bg2 Nbd7 4. d4 e5 5. dxe5 dxe5 6. O-O Be7 7. b3 O-O 8.
Bb2 Bd6 9. e3 Re8 10. Nbd2 e4 11. Ng5 Nc5 12. Bxf6 Qxf6 13. Ngxe4 Qg6 14. Nxd6
Qxd6 15. Nc4 Qh6 16. Qd5 Ne6 17. Rad1 c6 18. Qd6 g6 19. Ne5 Qg7 20. Nxc6 bxc6
21. Qxc6 Qf8 22. Qxa8 Ba6 23. Qxa7 Bxf1 24. Kxf1 Qb4 25. Qa4 Qf8 26. c4 Rd8 27.
Rxd8 Nxd8 28. Bd5 Qe7 29. b4 Kg7 30. b5 Ne6 31. Bxe6 Qxe6 32. c5 f5 33. c6 Qd5
34. Qd4+ 1-0

[Event "2010 Trumpeter Classic"]
[Site "Grande Prairie"]
[Date "2010.01.30"]
[Round "2"]
[White "Schech, Roland"]
[Black "Alton, North"]
[Result "1-0"]
[WhiteElo "1677"]
[BlackElo "1216"]
[PlyCount "51"]
[EventDate "2010.01.30"]
[EventType "swiss"]
[EventRounds "5"]
[EventCountry "CAN"]

1. e4 e5 2. Nc3 Nf6 3. f4 exf4 4. e5 Ng4 5. Qxg4 d5 6. Qxf4 g5 7. Qf6 Qxf6 8.
exf6 Bf5 9. Nxd5 Bd6 10. d3 Nc6 11. Bxg5 Bg4 12. Nf3 h6 13. Bh4 O-O-O 14. O-O-O
Be6 15. Ne7+ Kb8 16. Nxc6+ bxc6 17. Nd2 Bxa2 18. g3 Bd5 19. Ne4 Be5 20. Bg2 Ka8
21. d4 Bxe4 22. Bxe4 Bxd4 23. Bxc6+ Kb8 24. Rhe1 Bf2 25. Rxd8+ Rxd8 26. Re8 1-0

[Event "2010 Trumpeter Classic"]
[Site "Grande Prairie"]
[Date "2010.01.30"]
[Round "2"]
[White "White, Chris"]
[Black "Davis, Ryan"]
[Result "1-0"]
[WhiteElo "1704"]
[BlackElo "1350"]
[PlyCount "41"]
[EventDate "2010.01.30"]
[EventType "swiss"]
[EventRounds "5"]
[EventCountry "CAN"]

1. d4 d5 2. c4 e6 3. Nc3 Bb4 4. Qc2 Nf6 5. a3 Bxc3+ 6. Qxc3 Nc6 7. e3 Ne4 8.
Qc2 O-O 9. Bd3 f5 10. cxd5 exd5 11. Ne2 g5 12. f3 Nd6 13. O-O f4 14. Bxh7+ Kh8
15. exf4 gxf4 16. Rd1 Bf5 17. Bxf5 Nxf5 18. Bxf4 Nfxd4 19. Nxd4 Nxd4 20. Be5+
Kg8 21. Qg6# 1-0

[Event "2010 Trumpeter Classic"]
[Site "Grande Prairie"]
[Date "2010.01.30"]
[Round "2"]
[White "Zeggelaar, Mike"]
[Black "Daher, Nayef"]
[Result "0-1"]
[WhiteElo "1864"]
[BlackElo "1714"]
[PlyCount "72"]
[EventDate "2010.01.30"]
[EventType "swiss"]
[EventRounds "5"]
[EventCountry "CAN"]

1. Nf3 Nc6 2. c4 e5 3. Nc3 Bc5 4. d3 Nge7 5. a3 a5 6. e3 d6 7. d4 exd4 8. exd4
Bb6 9. Be2 O-O 10. O-O Bg4 11. Be3 Nf5 12. h3 Bh5 13. g4 Nxe3 14. fxe3 Bg6 15.
Nd5 Ba7 16. Nf4 Qe7 17. Qd2 Be4 18. Nd5 Qd8 19. Bd3 Bxf3 20. Rxf3 Qg5 21. Rf5
Nxd4 22. Nf6+ Kh8 23. Rxg5 Nf3+ 24. Kg2 Nxd2 25. Nxh7 Bxe3 26. Rh5 g6 27. Rh4
Rfd8 28. g5 Kg7 29. Re1 Bb6 30. Nf6 Rh8 31. Rxh8 Rxh8 32. Bc2 Nxc4 33. Ne8+ Kf8
34. Nf6 Ne3+ 35. Kf3 Rxh3+ 36. Kf4 Ng2+ 0-1

[Event "2010 Trumpeter Classic"]
[Site "Grande Prairie"]
[Date "2010.01.30"]
[Round "3"]
[White "Daher, Nayef"]
[Black "Holmstrom, Phil"]
[Result "0-1"]
[WhiteElo "1714"]
[BlackElo "1674"]
[PlyCount "58"]
[EventDate "2010.01.30"]
[EventType "swiss"]
[EventRounds "5"]
[EventCountry "CAN"]

1. e4 d6 2. d4 g6 3. Nc3 Bg7 4. Be3 Nf6 5. f3 O-O 6. Qd2 Re8 7. Bc4 c6 8. Nge2
Nbd7 9. Bh6 Bh8 10. h4 c5 11. h5 cxd4 12. Nxd4 Ne5 13. Bb5 Bd7 14. hxg6 hxg6
15. Bxd7 Qxd7 16. Bf4 Nc4 17. Qf2 e5 18. Qh4 Nh5 19. g4 exf4 20. gxh5 Bxd4 21.
hxg6 fxg6 22. Nd5 Ne3 23. Nxe3 fxe3 24. c3 Bg7 25. Qg5 Qe6 26. Ke2 Qc4+ 27. Ke1
Bxc3+ 28. bxc3 Qxc3+ 29. Ke2 Qd2+ 0-1

[Event "2010 Trumpeter Classic"]
[Site "Grande Prairie"]
[Date "2010.01.30"]
[Round "3"]
[White "Johnson, Dean"]
[Black "Deimert, Elroy"]
[Result "1-0"]
[WhiteElo "1827"]
[BlackElo "1720"]
[PlyCount "99"]
[EventDate "2010.01.30"]
[EventType "swiss"]
[EventRounds "5"]
[EventCountry "CAN"]

1. c4 Nf6 2. g3 d5 3. cxd5 Qxd5 4. Nf3 e5 5. Nc3 Qe6 6. Bg2 Nc6 7. O-O Bd7 8.
d3 h6 9. h3 a6 10. a3 Bd6 11. b4 Rd8 12. Nd2 Qe7 13. Nde4 Be6 14. b5 axb5 15.
Nxd6+ cxd6 16. Nxb5 Qd7 17. Kh2 Ne7 18. Rb1 d5 19. a4 O-O 20. Ba3 Ra8 21. Rc1
Rfc8 22. Rxc8+ Rxc8 23. Qb1 Nc6 24. Nd6 Rb8 25. Qb6 Ne8 26. Nxe8 Rxe8 27. Rb1
Rb8 28. e3 Ra8 29. Qxb7 Qxb7 30. Rxb7 Rxa4 31. Bd6 Ra6 32. Rc7 f6 33. Bf1 d4
34. Bg2 Na5 35. Bb4 Nb3 36. Rb7 Nc1 37. exd4 Nxd3 38. Rb8+ Kf7 39. Rf8+ Kg6 40.
Be4+ Bf5 41. Bxf5+ Kxf5 42. Bd2 exd4 43. Re8 Ne5 44. Kg2 Ra2 45. g4+ Kg6 46.
Bf4 Nd3 47. Bg3 Nc5 48. Bd6 d3 49. Bxc5 d2 50. Rd8 1-0

[Event "2010 Trumpeter Classic"]
[Site "Grande Prairie"]
[Date "2010.01.30"]
[Round "3"]
[White "Miller, David"]
[Black "Wong, Ford"]
[Result "1-0"]
[WhiteElo "1672"]
[BlackElo "1818"]
[PlyCount "91"]
[EventDate "2010.01.30"]
[EventType "swiss"]
[EventRounds "5"]
[EventCountry "CAN"]

1. Nf3 Nf6 2. g3 g6 3. Bg2 Bg7 4. O-O O-O 5. d4 d5 6. c3 Ne4 7. Nbd2 f5 8. Nxe4
fxe4 9. Nd2 Nd7 10. f4 Nf6 11. h3 b6 12. e3 h5 13. b3 Ba6 14. Rf2 c5 15. Ba3
cxd4 16. cxd4 Qd7 17. Bf1 Bxf1 18. Nxf1 Rfc8 19. Kh2 Rc6 20. Rc1 Rac8 21. Rfc2
Bf8 22. Nd2 R8c7 23. Nb1 Qc8 24. Rxc6 Rxc6 25. Rxc6 Qxc6 26. Qd2 a5 27. Qc3 {
Draw Offered by David} Qb5 28. Qc2 Qf1 29. Nc3 Qe1 30. Nd1 h4 31. gxh4 Qxh4 32.
Qe2 Kf7 33. Bc1 e6 34. Bd2 Ne8 35. Be1 Qd8 36. Qb5 Qc7 37. Qe2 Nd6 38. Qd2 Nf5
39. Qc3 Qb8 40. Qc6 Bd6 41. Qd7+ Kf6 42. Qh7 g5 43. Nf2 Ng7 44. Ng4+ Kf7 45.
Nh6+ Kf8 46. Qg8+ 1-0

[Event "2010 Trumpeter Classic"]
[Site "Grande Prairie"]
[Date "2010.01.30"]
[Round "3"]
[White "Quiring, John"]
[Black "White, Chris"]
[Result "1/2-1/2"]
[WhiteElo "1795"]
[BlackElo "1704"]
[PlyCount "67"]
[EventDate "2010.01.30"]
[EventType "swiss"]
[EventRounds "5"]
[EventCountry "CAN"]

1. e4 e6 2. d4 d5 3. Nd2 dxe4 4. Nxe4 Nd7 5. g3 Ngf6 6. Bg5 Be7 7. Nxf6+ Bxf6
8. Bxf6 Qxf6 9. Bg2 O-O 10. Nf3 Rd8 11. Qc1 c5 12. dxc5 Nxc5 13. O-O Bd7 14.
Qe3 Na4 15. b3 Nb6 16. Ne5 Rab8 17. Rfd1 Qe7 18. Rd2 f6 19. Nxd7 Rxd7 20. Rad1
Rbd8 21. a4 Nc8 22. c3 Rxd2 23. Rxd2 Rxd2 24. Qxd2 b6 25. Kf1 Nd6 26. Qd3 Nf7
27. b4 Ne5 28. Qd4 Qc7 29. Ke2 Nc4 30. Qe4 Qe5 31. Qxe5 Nxe5 32. h3 Kf8 33. Ke3
Ke7 34. Kd4 1/2-1/2

[Event "2010 Trumpeter Classic"]
[Site "Grande Prairie"]
[Date "2010.01.30"]
[Round "3"]
[White "Sequillion, Aaron"]
[Black "Caughlin, Wade"]
[Result "1-0"]
[WhiteElo "1999"]
[BlackElo "1927"]
[PlyCount "63"]
[EventDate "2010.01.30"]
[EventType "swiss"]
[EventRounds "5"]
[EventCountry "CAN"]

1. e4 c5 2. Nf3 e6 3. d4 cxd4 4. Nxd4 Nc6 5. Nc3 a6 6. Nxc6 bxc6 7. Bd3 d5 8.
O-O Nf6 9. Bg5 Be7 10. e5 Nd7 11. Bxe7 Qxe7 12. Qg4 g6 13. f4 Rb8 14. Rab1 Rb4
15. Qe2 Nc5 16. a3 Rb8 17. b4 Nxd3 18. Qxd3 Qa7+ 19. Kh1 Bd7 20. Qh3 O-O 21.
Qh4 Qc7 22. Na4 Qd8 23. Qf2 a5 24. Nc5 Rb5 25. c3 Bc8 26. Rbd1 Rb8 27. Ne4 Ba6
28. Nf6+ Kg7 29. Qh4 Rh8 30. Rf3 Be2 31. Rh3 Bxd1 32. Qh6# 1-0

[Event "2010 Trumpeter Classic"]
[Site "Grande Prairie"]
[Date "2010.01.30"]
[Round "3"]
[White "Stainer, Joel"]
[Black "Zeggelaar, Mike"]
[Result "1-0"]
[WhiteElo "1516"]
[BlackElo "1864"]
[PlyCount "107"]
[EventDate "2010.01.30"]
[EventType "swiss"]
[EventRounds "5"]
[EventCountry "CAN"]

1. d4 Nf6 2. Nf3 g6 3. e3 Bg7 4. Nbd2 O-O 5. b3 d5 6. Bd3 Nc6 7. c4 Nb4 8. Bb1
c6 9. O-O b5 10. Ba3 Na6 11. Ne5 Bd7 12. f4 bxc4 13. bxc4 Re8 14. Nb3 dxc4 15.
Nc5 Nxc5 16. Bxc5 Nd5 17. Nxc4 Nc3 18. Qd3 Nxb1 19. Raxb1 Qc7 20. Rb3 Be6 21.
Rfb1 Bd5 22. Rb7 Qc8 23. e4 Bxc4 24. Qxc4 Qg4 25. Bxe7 h5 26. Bf6 Rf8 27. Bxg7
Kxg7 28. Rf1 Rab8 29. Qxc6 Rfc8 30. Qd5 Rxb7 31. Qxb7 Rc2 32. e5 h4 33. Qf3
Qxf3 34. Rxf3 Rd2 35. Ra3 Rxd4 36. Rxa7 Kf8 37. g3 hxg3 38. hxg3 Rd2 39. a4 Ra2
40. a5 Kg8 41. a6 Kf8 42. Ra8+ Kg7 43. a7 Kh7 44. g4 Ra4 45. Kh2 Ra3 46. f5
Ra2+ 47. Kh3 Ra3+ 48. Kh4 gxf5 49. gxf5 Ra4+ 50. Kg5 Kg7 51. e6 f6+ 52. Kh5
Rxa7 53. Rxa7+ Kf8 54. Kg6 1-0

[Event "2010 Trumpeter Classic"]
[Site "Grande Prairie"]
[Date "2010.01.31"]
[Round "4"]
[White "Caughlin, Wade"]
[Black "Daher, Nayef"]
[Result "1-0"]
[WhiteElo "1929"]
[BlackElo "1714"]
[PlyCount "175"]
[EventDate "2010.01.30"]
[EventType "swiss"]
[EventRounds "5"]
[EventCountry "CAN"]

1. e4 d5 2. exd5 Nf6 3. d4 Nxd5 4. Nf3 c5 5. Bb5+ Bd7 6. Bxd7+ Qxd7 7. O-O Nc6
8. c4 Nf6 9. d5 Nb4 10. Nc3 Qg4 11. a3 Na6 12. Qa4+ Qd7 13. Qc2 g6 14. Ne5 Qf5
15. Qxf5 gxf5 16. Be3 Ng4 17. Bf4 Nxe5 18. Bxe5 Rg8 19. Rfe1 Kd7 20. Rad1 Nc7
21. Re3 Bh6 22. Rf3 Rg4 23. b3 Rag8 24. g3 f4 25. Kg2 f6 26. Bxc7 Kxc7 27. d6+
Kd7 28. dxe7+ Kxe7 29. Nd5+ Kf7 30. h3 R4g6 31. Nxf4 Bxf4 32. Rxf4 Re8 33. Kf3
Rg5 34. Rd7+ Re7 35. Rxe7+ Kxe7 36. Rh4 h5 37. Re4+ Kf7 38. g4 b6 39. gxh5 Rxh5
40. h4 f5 41. Rf4 Ke6 42. Kg3 Ke5 43. Rf3 Kd4 44. Re3 f4+ 45. Kxf4 Rxh4+ 46.
Kg3 Rh7 47. Kf3 Rf7+ 48. Ke2 Rf6 49. f3 a6 50. Kd2 Rf4 51. Rd3+ Ke5 52. Ke3 Rh4
53. Rd5+ Ke6 54. Rg5 Rh6 55. Rg8 b5 56. cxb5 axb5 57. Rc8 Rh5 58. Rc6+ Ke7 59.
Ke4 Rh4+ 60. f4 Rh3 61. Rxc5 Rxb3 62. Kf5 Rxa3 63. Rxb5 Ra6 64. Rb7+ Kf8 65.
Kg5 Ra1 66. f5 Rg1+ 67. Kf6 Ke8 68. Rb8+ Kd7 69. Kf7 Rf1 70. f6 Kc7 71. Ra8 Kd7
72. Ra7+ Kd8 73. Ra4 Kd7 74. Rd4+ Kc6 75. Kg7 Rg1+ 76. Kf8 Rf1 77. f7 Re1 78.
Kg7 Rg1+ 79. Kf6 Rf1+ 80. Kg6 Kc5 81. Rd8 Rg1+ 82. Kf6 Rf1+ 83. Ke7 Re1+ 84.
Kf8 Kc6 85. Rd4 Kc5 86. Rg4 Kd6 87. Kg7 Re7 88. Kg8 1-0

[Event "2010 Trumpeter Classic"]
[Site "Grande Prairie"]
[Date "2010.01.31"]
[Round "4"]
[White "Davis, Ryan"]
[Black "Alton, North"]
[Result "0-1"]
[WhiteElo "1350"]
[BlackElo "1216"]
[PlyCount "70"]
[EventDate "2010.01.30"]
[EventType "swiss"]
[EventRounds "5"]
[EventCountry "CAN"]

1. d4 Nf6 2. Nc3 d5 3. Nf3 Nc6 4. Bg5 e6 5. Qd2 Bb4 6. Bxf6 Qxf6 7. Qg5 Bxc3+
8. bxc3 Qxg5 9. Nxg5 O-O 10. e4 h6 11. exd5 exd5 12. Nf3 Bf5 13. O-O-O Be4 14.
Ne5 Nxe5 15. dxe5 Rae8 16. f3 Bg6 17. Rxd5 c6 18. Rd7 Rxe5 19. Bd3 Bxd3 20.
cxd3 Rfe8 21. Rxb7 Re1+ 22. Rxe1 Rxe1+ 23. Kd2 Rg1 24. Rxa7 Rxg2+ 25. Ke3 Rxh2
{Draw Offered by North} 26. a4 Ra2 27. c4 h5 28. Rb7 Rxa4 29. Rb1 c5 30. Rb5 g6
31. Kf4 Ra3 32. Rxc5 {Draw Offered by Ryan} Rxd3 33. Rd5 Rc3 34. c5 Rc4+ 35.
Kg5 h4 0-1

[Event "2010 Trumpeter Classic"]
[Site "Grande Prairie"]
[Date "2010.01.31"]
[Round "4"]
[White "Deimert, Elroy"]
[Black "Zeggelaar, Mike"]
[Result "1-0"]
[WhiteElo "1720"]
[BlackElo "1864"]
[PlyCount "83"]
[EventDate "2010.01.30"]
[EventType "swiss"]
[EventRounds "5"]
[EventCountry "CAN"]

1. e4 e5 2. Nf3 Nc6 3. Nc3 f5 4. d4 exd4 5. Nxd4 d6 6. Bb5 Bd7 7. O-O Nf6 8.
Bg5 Be7 9. Bc4 Ne5 10. Bb3 Nf7 11. Bxf7+ Kxf7 12. exf5 Rf8 13. Re1 Kg8 14. Ne6
Bxe6 15. Rxe6 h6 16. Bh4 Qd7 17. Nd5 Rae8 18. Nf4 Bd8 19. Rxe8 Rxe8 20. Ne6 Qb5
21. Nxd8 Rxd8 22. Bxf6 gxf6 23. Qg4+ Kf8 24. Qg6 Qe5 25. Qxh6+ Kg8 26. Qg6+ Kh8
27. h4 Rd7 28. Qh6+ Kg8 29. Qe3 Qxf5 30. Qe8+ Kh7 31. Re1 Rg7 32. Re7 Qg4 33.
g3 Qd1+ 34. Kg2 Qd5+ 35. f3 Qd2+ 36. Kh3 Qd5 37. Rxg7+ Kxg7 38. Qe7+ Kg8 39.
Qxf6 Qxa2 40. Qd8+ Kh7 41. Qxc7+ Kg8 42. Qc8+ 1-0

[Event "2010 Trumpeter Classic"]
[Site "Grande Prairie"]
[Date "2010.01.31"]
[Round "4"]
[White "Holmstrom, Phil"]
[Black "Miller, David"]
[Result "1/2-1/2"]
[WhiteElo "1674"]
[BlackElo "1672"]
[PlyCount "31"]
[EventDate "2010.01.30"]
[EventType "swiss"]
[EventRounds "5"]
[EventCountry "CAN"]

1. e4 e6 2. d4 d5 3. e5 c5 4. Nf3 cxd4 5. Nxd4 Nc6 6. Nxc6 bxc6 7. Bd3 Ne7 8.
O-O c5 9. c4 Nc6 10. cxd5 exd5 11. Bb5 Bb7 12. Nc3 d4 13. Qf3 Qd7 14. Ne4 Be7
15. Qg3 O-O-O 16. Bf4 1/2-1/2